[Event "SWE-ch"]
[Site "Borlange"]
[Date "2014.07.20"]
[Round "9"]
[White "Grandelius, Nils"]
[Black "Cramling, Pia"]
[Result "1-0"]
[WhiteElo "2588"]
[BlackElo "2491"]
[PlyCount "123"]
[EventDate "2014.07.12"]
[EventType "tourn"]
[EventRounds "9"]
[EventCountry "SWE"]
[EventCategory "10"]
[SourceTitle "CBM 161 Extra"]
[Source "ChessBase"]
[SourceDate "2014.08.29"]
[SourceVersion "1"]
[SourceVersionDate "2014.08.29"]
[SourceQuality "1"]

1. e4 c5 2. Nf3 Nc6 3. d4 cxd4 4. Nxd4 Nf6 5. Nc3 d6 6. Bg5 e6 7. Qd2 a6 8.
O-O-O h6 9. Nxc6 bxc6 10. Bf4 d5 11. Qe3 Bb4 12. Be2 O-O 13. e5 Nh7 14. h4 Qa5
15. a3 Bc5 16. Qg3 Kh8 17. Bd2 Qc7 18. f4 a5 19. Qf3 a4 20. g4 Ba6 21. Bxa6
Rxa6 22. Rdf1 Rb8 23. g5 Qb7 24. Nd1 h5 25. f5 exf5 26. Qc3 Qb6 27. Rxf5 Bd4
28. Qb4 Qxb4 29. Bxb4 Kg8 30. Bd6 Re8 31. Re1 Ra7 32. Rf4 Bb6 33. Nc3 Bc7 34.
Bxc7 Rxc7 35. Nxa4 Nf8 36. Nc5 Ng6 37. Rb4 Rxe5 38. Rxe5 Nxe5 39. a4 Nd7 40.
Nxd7 Rxd7 41. Rb6 Ra7 42. b3 Kf8 43. Rxc6 Ke7 44. Kd2 Kd7 45. Rb6 Kc7 46. Rb4
Kd6 47. Kd3 f6 48. gxf6 gxf6 49. Kd4 Ke6 50. Rb6+ Kf5 51. Kxd5 Kg4 52. Rxf6
Kxh4 53. Kd4 Kg5 54. Rf1 h4 55. c4 h3 56. c5 Kg4 57. c6 h2 58. Rh1 Kg3 59. Kc5
Rf7 60. a5 Kg2 61. Rxh2+ Kxh2 62. b4 1-0

[Event "SWE-ch"]
[Site "Borlange"]
[Date "2014.07.20"]
[Round "9"]
[White "Berg, Emanuel"]
[Black "Wiedenkeller, Michael"]
[Result "1/2-1/2"]
[WhiteElo "2557"]
[BlackElo "2479"]
[PlyCount "111"]
[EventDate "2014.07.12"]
[EventType "tourn"]
[EventRounds "9"]
[EventCountry "SWE"]
[EventCategory "10"]
[SourceTitle "CBM 161 Extra"]
[Source "ChessBase"]
[SourceDate "2014.08.29"]
[SourceVersion "1"]
[SourceVersionDate "2014.08.29"]
[SourceQuality "1"]

1. e4 e5 2. Nf3 Nc6 3. Bb5 a6 4. Ba4 Nf6 5. d3 b5 6. Bb3 Be7 7. O-O d6 8. a3
O-O 9. Nc3 Bb7 10. Re1 Nd4 11. Nxd4 exd4 12. Nd5 Nxd5 13. exd5 Qd7 14. Bd2 c5
15. dxc6 Qxc6 16. Qg4 Bf6 17. f3 Rae8 18. Bg5 Bxg5 19. Qxg5 Qc5 20. Qxc5 dxc5
21. a4 Bc6 22. axb5 Bxb5 23. Kf2 Rxe1 24. Rxe1 Re8 25. Rxe8+ Bxe8 26. Kg3 Kf8
27. Kf4 Ke7 28. Ke5 Bc6 29. Bxf7 Kxf7 30. Kd6 Be8 31. Kxc5 Ke6 32. Kxd4 Kd6 33.
b4 Ba4 34. c4 Bc2 35. Kc3 Bd1 36. Kd2 Bb3 37. f4 Ke6 38. Ke3 Kf5 39. h3 h5 40.
g4+ hxg4 41. hxg4+ Ke6 42. f5+ Ke5 43. d4+ Kd6 44. c5+ Kd5 45. g5 Bc2 46. Kf4
Bb1 47. g6 Bc2 48. Kg5 Kxd4 49. f6 gxf6+ 50. Kxf6 Bxg6 51. Kxg6 Kd5 52. Kf7 a5
53. bxa5 Kxc5 54. Ke6 Kb5 55. Kd5 Kxa5 56. Ke4 1/2-1/2

[Event "SWE-ch"]
[Site "Borlange"]
[Date "2014.07.20"]
[Round "9"]
[White "Blomqvist, Erik"]
[Black "Semcesen, Daniel"]
[Result "1/2-1/2"]
[WhiteElo "2496"]
[BlackElo "2471"]
[PlyCount "81"]
[EventDate "2014.07.12"]
[EventType "tourn"]
[EventRounds "9"]
[EventCountry "SWE"]
[EventCategory "10"]
[SourceTitle "CBM 161 Extra"]
[Source "ChessBase"]
[SourceDate "2014.08.29"]
[SourceVersion "1"]
[SourceVersionDate "2014.08.29"]
[SourceQuality "1"]

1. d4 f5 2. Bg5 h6 3. Bd2 e6 4. e3 g6 5. Nh3 Nf6 6. Nf4 Rg8 7. Be2 d6 8. c4 e5
9. Nd5 Ne4 10. O-O c6 11. Ndc3 Nxd2 12. Nxd2 exd4 13. exd4 Bg7 14. Re1 Kf7 15.
c5 d5 16. Nc4 Bf8 17. Ne5+ Kg7 18. Bf1 Nd7 19. Qc2 Be7 20. Nd3 Bf6 21. Ne2 Nf8
22. Rad1 Ne6 23. Qc3 Qc7 24. g3 Bd7 25. h4 Rae8 26. Bh3 Bc8 27. b4 b6 28. Ndf4
bxc5 29. bxc5 h5 30. Bf1 Nd8 31. Qf3 Ne6 32. Qc3 Nd8 33. Qf3 Ne6 34. Bh3 Nxf4
35. Nxf4 Re4 36. Rxe4 fxe4 37. Qg2 Re8 38. Kh1 Re7 39. Bxc8 Qxc8 40. Ne2 Qg4
41. Rd2 1/2-1/2

[Event "SWE-ch"]
[Site "Borlange"]
[Date "2014.07.20"]
[Round "9"]
[White "Carlsson, Pontus"]
[Black "Hector, Jonny"]
[Result "1-0"]
[WhiteElo "2485"]
[BlackElo "2483"]
[PlyCount "97"]
[EventDate "2014.07.12"]
[EventType "tourn"]
[EventRounds "9"]
[EventCountry "SWE"]
[EventCategory "10"]
[SourceTitle "CBM 161 Extra"]
[Source "ChessBase"]
[SourceDate "2014.08.29"]
[SourceVersion "1"]
[SourceVersionDate "2014.08.29"]
[SourceQuality "1"]

1. e4 e5 2. Nf3 Nc6 3. d4 exd4 4. Nxd4 Bc5 5. Nb3 Bb6 6. Qe2 a5 7. a4 Nf6 8.
Nc3 O-O 9. Be3 d5 10. Bxb6 cxb6 11. O-O-O Re8 12. f3 Bd7 13. Qf2 dxe4 14. fxe4
Rc8 15. Bb5 Ne5 16. Kb1 Rxc3 17. bxc3 Qc7 18. Bxd7 Nexd7 19. Rhf1 Kh8 20. Qd4
Qxh2 21. g4 Rxe4 22. Qd3 Qe5 23. Rf5 Qe6 24. Nd4 Qe8 25. g5 Nc5 26. Rxc5 bxc5
27. Nf5 c4 28. Qf3 Re6 29. gxf6 Rxf6 30. Qg4 Rb6+ 31. Kc1 Rg6 32. Qxc4 h6 33.
Nd6 Qe3+ 34. Kb2 Qb6+ 35. Nb5 Qe6 36. Qc5 Rg4 37. Rd6 Rc4 38. Qf2 Qe8 39. Qd2
Rc8 40. Qd4 f6 41. Qd5 Rb8 42. Rd7 Qg8 43. Qe4 Re8 44. Qg6 Rd8 45. Rxb7 Qh7 46.
Qg3 h5 47. Nd6 h4 48. Qh3 Rf8 49. Nf5 1-0

[Event "SWE-ch"]
[Site "Borlange"]
[Date "2014.07.20"]
[Round "9"]
[White "Hillarp Persson, Tiger"]
[Black "Andersson, Tommy"]
[Result "1-0"]
[WhiteElo "2564"]
[BlackElo "2336"]
[PlyCount "75"]
[EventDate "2014.07.12"]
[EventType "tourn"]
[EventRounds "9"]
[EventCountry "SWE"]
[EventCategory "10"]
[SourceTitle "CBM 161 Extra"]
[Source "ChessBase"]
[SourceDate "2014.08.29"]
[SourceVersion "1"]
[SourceVersionDate "2014.08.29"]
[SourceQuality "1"]

1. d4 Nf6 2. c4 e6 3. Nc3 d5 4. cxd5 exd5 5. Bg5 c6 6. Qc2 Be7 7. e3 Nbd7 8.
Bd3 Nf8 9. O-O-O Ne6 10. Bh4 b5 11. Nf3 h6 12. Kb1 O-O 13. Bxf6 Bxf6 14. h4 h5
15. Ne2 Bd7 16. Ng5 Bxg5 17. hxg5 g6 18. f4 Ng7 19. Ng3 b4 20. e4 b3 21. Qxb3
Rb8 22. Qc3 Re8 23. Rd2 Qb6 24. e5 Ne6 25. f5 Qxd4 26. Qxd4 Nxd4 27. fxg6 Rxe5
28. Nxh5 Rb7 29. Nf6+ Kf8 30. Rf2 Be6 31. Rff1 Nf5 32. g4 Ng3 33. Rh8+ Ke7 34.
g7 Nxf1 35. g8=Q Re1+ 36. Kc2 Ne3+ 37. Kd2 d4 38. Qd8# 1-0

[Event "SWE-ch"]
[Site "Borlange"]
[Date "2014.07.19"]
[Round "8"]
[White "Semcesen, Daniel"]
[Black "Berg, Emanuel"]
[Result "1/2-1/2"]
[WhiteElo "2471"]
[BlackElo "2557"]
[PlyCount "141"]
[EventDate "2014.07.12"]
[EventType "tourn"]
[EventRounds "9"]
[EventCountry "SWE"]
[EventCategory "10"]
[SourceTitle "CBM 161 Extra"]
[Source "ChessBase"]
[SourceDate "2014.08.29"]
[SourceVersion "1"]
[SourceVersionDate "2014.08.29"]
[SourceQuality "1"]

1. d4 Nf6 2. c4 e6 3. Nc3 Bb4 4. a3 Bxc3+ 5. bxc3 O-O 6. f3 d5 7. cxd5 exd5 8.
e3 Nh5 9. Qc2 Re8 10. g4 Nf4 11. h4 c5 12. Kf2 Ne6 13. Bd2 b6 14. Bd3 Nf8 15.
Qa4 Bd7 16. Qc2 Nc6 17. Qa2 c4 18. Bc2 Na5 19. Ne2 Ne6 20. Rag1 Rc8 21. Qb1 g6
22. h5 Qf6 23. Rg3 Bc6 24. Kg2 Rc7 25. f4 Nb3 26. Be1 Nec5 27. g5 Qd6 28. f5
Ne4 29. hxg6 fxg6 30. fxg6 Qxa3 31. gxh7+ Rxh7 32. Rxh7 Kxh7 33. Bxe4+ dxe4 34.
Nf4 Qc1 35. Qxc1 Nxc1 36. Rh3+ Kg8 37. Rh6 Rc8 38. Nh5 Be8 39. Nf6+ Kg7 40. Bg3
Bg6 41. Nd5 Re8 42. Be5+ Kf7 43. Nf4 Rg8 44. d5 Nd3 45. Nxg6 Rxg6 46. Rh7+ Kg8
47. Rh8+ Kf7 48. Rh7+ Kg8 49. Rh8+ Kf7 50. Bf6 Rxf6 51. gxf6 Kxf6 52. Re8 Nc5
53. Kf2 Kf7 54. Ra8 Ke7 55. Rxa7+ Kd6 56. Ke2 Kxd5 57. Kd2 b5 58. Kc2 Kc6 59.
Rh7 Na4 60. Rh6+ Kc7 61. Rg6 Kd7 62. Rf6 Kc7 63. Rg6 Kd7 64. Ra6 Kc7 65. Rh6
Kd7 66. Rh5 Kc6 67. Rh6+ Kd7 68. Rh4 Nc5 69. Kb2 Na4+ 70. Kc2 Nc5 71. Kb2
1/2-1/2

[Event "SWE-ch"]
[Site "Borlange"]
[Date "2014.07.19"]
[Round "8"]
[White "Hector, Jonny"]
[Black "Hillarp Persson, Tiger"]
[Result "1/2-1/2"]
[WhiteElo "2483"]
[BlackElo "2564"]
[PlyCount "120"]
[EventDate "2014.07.12"]
[EventType "tourn"]
[EventRounds "9"]
[EventCountry "SWE"]
[EventCategory "10"]
[SourceTitle "CBM 161 Extra"]
[Source "ChessBase"]
[SourceDate "2014.08.29"]
[SourceVersion "1"]
[SourceVersionDate "2014.08.29"]
[SourceQuality "1"]

1. e4 c5 2. Nf3 d6 3. d4 cxd4 4. Nxd4 Nf6 5. Nc3 a6 6. Bg5 e6 7. f4 Qc7 8. Qe2
Nc6 9. O-O-O Nxd4 10. Rxd4 b5 11. g3 Be7 12. Bg2 Rb8 13. e5 dxe5 14. fxe5 Nd5
15. Bxe7 Nxe7 16. Rhd1 O-O 17. Be4 h6 18. a3 Ng6 19. Bxg6 fxg6 20. Rd6 b4 21.
axb4 Rxb4 22. Qd3 Kh7 23. Rd8 Rxd8 24. Qxd8 Qc5 25. Rd3 Bb7 26. Qd6 Qg1+ 27.
Nd1 Rb6 28. Qf8 Bd5 29. Qf2 Qxf2 30. Nxf2 g5 31. b3 Kg6 32. g4 a5 33. Rd4 Rb8
34. Kd2 Rf8 35. Nd3 h5 36. c4 Bg2 37. gxh5+ Kxh5 38. Rd7 Kg6 39. Re7 Bh3 40. c5
Rc8 41. Ra7 Bf5 42. c6 Rxc6 43. Rxa5 Rc8 44. Ra6 Rh8 45. Nc5 Rxh2+ 46. Ke3 Rb2
47. Nxe6 Rxb3+ 48. Kf2 Bxe6 49. Rxe6+ Kf5 50. Ra6 Rb5 51. Ra7 g6 52. Rf7+ Kxe5
53. Kg3 Rb1 54. Ra7 Rg1+ 55. Kf2 Rg4 56. Kf3 Rf4+ 57. Kg3 Kf6 58. Ra6+ Kg7 59.
Ra7+ Kh6 60. Rb7 Ra4 1/2-1/2

[Event "SWE-ch"]
[Site "Borlange"]
[Date "2014.07.19"]
[Round "8"]
[White "Wiedenkeller, Michael"]
[Black "Grandelius, Nils"]
[Result "0-1"]
[WhiteElo "2479"]
[BlackElo "2588"]
[PlyCount "106"]
[EventDate "2014.07.12"]
[EventType "tourn"]
[EventRounds "9"]
[EventCountry "SWE"]
[EventCategory "10"]
[SourceTitle "CBM 161 Extra"]
[Source "ChessBase"]
[SourceDate "2014.08.29"]
[SourceVersion "1"]
[SourceVersionDate "2014.08.29"]
[SourceQuality "1"]

1. d4 Nf6 2. c4 g6 3. Nc3 d5 4. cxd5 Nxd5 5. e4 Nxc3 6. bxc3 Bg7 7. Nf3 c5 8.
Be3 Qa5 9. Qd2 O-O 10. Rc1 Rd8 11. d5 e6 12. Bg5 f6 13. Be3 Nc6 14. Bd3 b6 15.
O-O Ba6 16. Rfd1 exd5 17. Bxa6 Qxa6 18. exd5 Qc4 19. Bf4 Na5 20. d6 Rd7 21. Qe3
Qf7 22. Nd2 Re8 23. Qd3 g5 24. Be3 Qe6 25. Nf1 Nc4 26. Re1 Rxd6 27. Qb1 Qd7 28.
Ng3 Rd5 29. Rcd1 Rd8 30. Rxd5 Qxd5 31. h3 Bf8 32. Bc1 Ne5 33. Nh5 Qf7 34. Ng3
Nd3 35. Re3 c4 36. Ne4 Be7 37. Bd2 Rd5 38. Rf3 Qe6 39. Re3 Re5 40. Ng3 Bc5 41.
Rf3 f5 42. Rxd3 cxd3 43. Qxd3 f4 44. Nh5 Qd6 45. Qc4+ Kf8 46. Kh2 Qxd2 47. Nf6
Qd6 48. Qg8+ Ke7 49. Qg7+ Kd8 50. Ng4 Re7 51. Qxg5 Kc7 52. Nf6 Qe5 53. Nd5+ Kb7
0-1

[Event "SWE-ch"]
[Site "Borlange"]
[Date "2014.07.19"]
[Round "8"]
[White "Andersson, Tommy"]
[Black "Blomqvist, Erik"]
[Result "0-1"]
[WhiteElo "2336"]
[BlackElo "2496"]
[PlyCount "98"]
[EventDate "2014.07.12"]
[EventType "tourn"]
[EventRounds "9"]
[EventCountry "SWE"]
[EventCategory "10"]
[SourceTitle "CBM 161 Extra"]
[Source "ChessBase"]
[SourceDate "2014.08.29"]
[SourceVersion "1"]
[SourceVersionDate "2014.08.29"]
[SourceQuality "1"]

1. d4 d5 2. c4 c6 3. cxd5 cxd5 4. Nf3 Nf6 5. Nc3 Nc6 6. Bf4 Bf5 7. e3 e6 8. Qb3
Bb4 9. Bb5 O-O 10. Bxc6 Bxc3+ 11. Qxc3 Rc8 12. Ne5 bxc6 13. Qa3 c5 14. dxc5 Ne4
15. Rc1 f6 16. Nf3 e5 17. Bg3 Qe7 18. b4 a5 19. Qxa5 Ra8 20. Qb5 Rfb8 21. Qe2
Rxb4 22. c6 Nc3 23. Qd2 Rxa2 24. Qxc3 Rc4 25. O-O Rxc3 26. Rxc3 Rc2 27. Rxc2
Bxc2 28. h3 Ba4 29. Rc1 Qa3 30. Rb1 Bxc6 31. Rb8+ Kf7 32. Rc8 Bd7 33. Rc7 Ke6
34. Rb7 g5 35. Rb6+ Ke7 36. Rb7 h5 37. Kh2 Qa6 38. Rb8 h4 39. Nxh4 gxh4 40.
Bxh4 d4 41. exd4 exd4 42. Rb2 Qc4 43. Bg3 Qc1 44. Rb4 d3 45. Bf4 d2 46. Re4+
Kf7 47. Rd4 d1=Q 48. Rxd7+ Qxd7 49. Bxc1 Qc7+ 0-1

[Event "SWE-ch"]
[Site "Borlange"]
[Date "2014.07.19"]
[Round "8"]
[White "Cramling, Pia"]
[Black "Carlsson, Pontus"]
[Result "1-0"]
[WhiteElo "2491"]
[BlackElo "2485"]
[PlyCount "83"]
[EventDate "2014.07.12"]
[EventType "tourn"]
[EventRounds "9"]
[EventCountry "SWE"]
[EventCategory "10"]
[SourceTitle "CBM 161 Extra"]
[Source "ChessBase"]
[SourceDate "2014.08.29"]
[SourceVersion "1"]
[SourceVersionDate "2014.08.29"]
[SourceQuality "1"]

1. Nf3 Nf6 2. c4 g6 3. Nc3 Bg7 4. d4 d6 5. h3 O-O 6. Bg5 c5 7. e3 Qa5 8. Qd2
Nc6 9. d5 Nb4 10. a3 b5 11. Rc1 Na6 12. cxb5 Nc7 13. e4 a6 14. e5 Nfxd5 15. b4
Qxa3 16. bxc5 axb5 17. Nxd5 Nxd5 18. Qxd5 dxc5 19. Be2 Be6 20. Qxc5 b4 21. O-O
Rfc8 22. Qd4 Rxc1 23. Bxc1 Qa2 24. Bd3 Qa5 25. Bd2 Rd8 26. Ra1 Qc7 27. Qe3 b3
28. Rb1 Qd7 29. Be2 h6 30. Bc3 Qa4 31. Ra1 Qd7 32. Ra7 Qc8 33. Nd4 Bd5 34. Bb2
Qb8 35. Nb5 Bc6 36. Qc5 Bxb5 37. Bxb5 e6 38. Qe7 Rf8 39. Rb7 Qa8 40. Bc4 Qa2
41. Rxb3 Rc8 42. Qxf7+ 1-0

[Event "SWE-ch"]
[Site "Borlange"]
[Date "2014.07.18"]
[Round "7"]
[White "Berg, Emanuel"]
[Black "Andersson, Tommy"]
[Result "1-0"]
[WhiteElo "2557"]
[BlackElo "2336"]
[PlyCount "72"]
[EventDate "2014.07.12"]
[EventType "tourn"]
[EventRounds "9"]
[EventCountry "SWE"]
[EventCategory "10"]
[SourceTitle "CBM 161 Extra"]
[Source "ChessBase"]
[SourceDate "2014.08.29"]
[SourceVersion "1"]
[SourceVersionDate "2014.08.29"]
[SourceQuality "1"]

1. e4 c5 2. a3 Nc6 3. b4 cxb4 4. axb4 Nxb4 5. c3 Nc6 6. d4 d5 7. exd5 Qxd5 8.
Na3 Bf5 9. Nb5 Rc8 10. Nxa7 Nxa7 11. Rxa7 Nf6 12. Nf3 g6 13. c4 Qe4+ 14. Be2
Bg7 15. O-O O-O 16. Ne5 Rfd8 17. Be3 Nd7 18. Bf3 Qh4 19. g3 Qf6 20. Bxb7 Rc7
21. Ra6 e6 22. Bg2 Nxe5 23. dxe5 Qe7 24. Rd6 Rdc8 25. g4 Bxe5 26. Rd2 Qh4 27.
h3 Be4 28. Bxe4 Qxh3 29. f3 Rxc4 30. Qb3 Rxe4 31. fxe4 Rc3 32. Rd8+ Kg7 33.
Rxf7+ Kxf7 34. Rd7+ Kf8 35. Qb4+ Kg8 36. Rd8+ Kf7 1-0

[Event "SWE-ch"]
[Site "Borlange"]
[Date "2014.07.18"]
[Round "7"]
[White "Grandelius, Nils"]
[Black "Semcesen, Daniel"]
[Result "0-1"]
[WhiteElo "2588"]
[BlackElo "2471"]
[Annotator "CB"]
[PlyCount "82"]
[EventDate "2014.07.12"]
[EventType "tourn"]
[EventRounds "9"]
[EventCountry "SWE"]
[EventCategory "10"]
[SourceTitle "CBM 161 Extra"]
[Source "ChessBase"]
[SourceDate "2014.08.29"]
[SourceVersion "1"]
[SourceVersionDate "2014.08.29"]
[SourceQuality "1"]
[WhiteClock "0:32:47"]
[BlackClock "0:35:38"]

1. Nf3 f5 2. d3 Nc6 3. d4 e6 4. g3 Nf6 5. Bg2 d5 6. O-O Rb8 {Not without ideas,
but clearly not taking advantage of White's 2.d3 followed by 3.d4.} 7. b3 Bd6
8. c4 O-O 9. Nc3 Bd7 10. Bb2 a6 11. Ng5 Be7 12. cxd5 Nxd5 13. Nf3 (13. Nxd5 $14
) 13... Nxc3 $6 (13... f4) 14. Bxc3 Bf6 15. Qc2 $14 Be8 16. Rfd1 Ne7 17. Ne5 c6
{It is difficult to explain Black's three last moves.} 18. Bb4 Bh5 19. Rd2 Re8
20. e4 fxe4 21. Bxe4 Nf5 22. Bxf5 exf5 23. Qxf5 {White is a pawn up and his
position is better.} g6 24. Qf4 (24. Qc2) 24... Kg7 25. Bc3 Qd5 26. h4 Rf8 27.
Bb4 $4 {The oversight of the tournament.} (27. Qe3) 27... Be7 {game over.} 28.
Bxe7 Rxf4 29. gxf4 Re8 30. Bb4 Qe4 31. Bc3 Kg8 32. d5 Qxf4 33. Re1 Rxe5 34.
Rxe5 Bf3 35. Rd3 Qg4+ 36. Kf1 Qg2+ 37. Ke1 Qg1+ 38. Kd2 Qd1+ 39. Ke3 Qe2+ 40.
Kd4 c5+ 41. Kc4 b5+ {Kd4} 0-1

[Event "SWE-ch"]
[Site "Borlange"]
[Date "2014.07.18"]
[Round "7"]
[White "Blomqvist, Erik"]
[Black "Hector, Jonny"]
[Result "1/2-1/2"]
[WhiteElo "2496"]
[BlackElo "2483"]
[PlyCount "142"]
[EventDate "2014.07.12"]
[EventType "tourn"]
[EventRounds "9"]
[EventCountry "SWE"]
[EventCategory "10"]
[SourceTitle "CBM 161 Extra"]
[Source "ChessBase"]
[SourceDate "2014.08.29"]
[SourceVersion "1"]
[SourceVersionDate "2014.08.29"]
[SourceQuality "1"]

1. d4 d5 2. c4 c6 3. Nf3 Nf6 4. Nc3 dxc4 5. a4 Bf5 6. e3 e6 7. Bxc4 Bb4 8. O-O
Nbd7 9. Qe2 Bg6 10. e4 Bxc3 11. bxc3 Nxe4 12. Ba3 Qc7 13. Rfc1 c5 14. Bb5 O-O
15. Bxd7 Qxd7 16. Ne5 Qd5 17. f3 Nf6 18. Bxc5 Rfc8 19. a5 b6 20. c4 Qd8 21.
axb6 axb6 22. Rxa8 Rxa8 23. Nc6 Qc7 24. Ne7+ Kh8 25. Bb4 Re8 26. d5 exd5 27.
Nxd5 Rxe2 28. Nxc7 Rc2 29. Rxc2 Bxc2 30. Bc3 Nd7 31. Ne8 f6 32. Kf2 Kg8 33. Nd6
Kf8 34. Ke3 Ke7 35. Bb4 Ba4 36. Kd4 Bc6 37. Nf5+ Kf7 38. Ne7 Bb7 39. Nd5 g5 40.
Bd6 Ke6 41. Bg3 f5 42. Bc7 b5 43. Bd8 bxc4 44. Nc7+ Kf7 45. Bxg5 Nf8 46. Ke5
Bc8 47. Nb5 Ng6+ 48. Kd4 Ke6 49. Nc7+ Kd7 50. Nd5 Ke6 51. Kxc4 Bb7 52. Ne3 f4
53. Nc2 Ba6+ 54. Kd4 Kf5 55. Bd8 h5 56. Kd5 Bb7+ 57. Kd6 Nh8 58. Nd4+ Kg6 59.
Bc7 Kf6 60. Bd8+ Kg6 61. Ke7 h4 62. h3 Ba6 63. Ne6 Kf5 64. Ng7+ Kg6 65. Kf8 Bf1
66. Kg8 Nf7 67. Bxh4 Nh6+ 68. Kf8 Nf5 69. Nxf5 Kxf5 70. g3 fxg3 71. Bxg3 Bxh3
1/2-1/2

[Event "SWE-ch"]
[Site "Borlange"]
[Date "2014.07.18"]
[Round "7"]
[White "Hillarp Persson, Tiger"]
[Black "Carlsson, Pontus"]
[Result "1/2-1/2"]
[WhiteElo "2564"]
[BlackElo "2485"]
[PlyCount "144"]
[EventDate "2014.07.12"]
[EventType "tourn"]
[EventRounds "9"]
[EventCountry "SWE"]
[EventCategory "10"]
[SourceTitle "CBM 161 Extra"]
[Source "ChessBase"]
[SourceDate "2014.08.29"]
[SourceVersion "1"]
[SourceVersionDate "2014.08.29"]
[SourceQuality "1"]

1. d4 Nf6 2. c4 e6 3. Nc3 Bb4 4. Qc2 O-O 5. a3 Bxc3+ 6. Qxc3 b5 7. cxb5 c6 8.
Qg3 Ne4 9. Qd3 d5 10. Bf4 c5 11. dxc5 Nd7 12. Qc2 e5 13. Be3 Qa5+ 14. b4 Qxb5
15. f3 Nef6 16. Bg5 Ba6 17. Nh3 Qc6 18. e3 Bxf1 19. Rxf1 e4 20. Bf4 d4 21. exd4
Rfe8 22. Kf2 exf3 23. gxf3 Nd5 24. Bd6 Ne3 25. Qb3 Nf6 26. Nf4 Nxf1 27. Rxf1
Rad8 28. d5 Qc8 29. Qd3 Qb7 30. Rg1 Rxd6 31. cxd6 Qb6+ 32. Kg2 Qxd6 33. Qd4 a5
34. Kh1 axb4 35. axb4 Rb8 36. Ne6 fxe6 37. Qxf6 g6 38. dxe6 Rf8 39. Qc3 Qxe6
40. Rb1 Qe2 41. Qb3+ Kg7 42. Qb2+ Qxb2 43. Rxb2 Rxf3 44. b5 Rf7 45. Kg2 Rb7 46.
Kf3 Kf6 47. Kf4 Ke6 48. Kg5 Kd6 49. Kh6 Kc5 50. b6 Kd5 51. h4 Ke5 52. Kg5 Kd5
53. Rd2+ Ke5 54. Rb2 Kd5 55. Rb1 Ke5 56. Rb5+ Kd6 57. Kf6 Kc6 58. Rb1 Kd6 59.
Re1 Kc5 60. Rc1+ Kd5 61. Rb1 Kd6 62. Kg5 Ke5 63. Rb5+ Kd6 64. Rb4 Ke5 65. Rb2
Kd5 66. Kh6 Ke5 67. Kg5 Kd5 68. Rd2+ Ke5 69. Re2+ Kd5 70. Kh6 Rxb6 71. Kxh7 Rb4
72. Kxg6 Rxh4 1/2-1/2

[Event "SWE-ch"]
[Site "Borlange"]
[Date "2014.07.17"]
[Round "6"]
[White "Andersson, Tommy"]
[Black "Grandelius, Nils"]
[Result "1/2-1/2"]
[WhiteElo "2336"]
[BlackElo "2588"]
[PlyCount "80"]
[EventDate "2014.07.12"]
[EventType "tourn"]
[EventRounds "9"]
[EventCountry "SWE"]
[EventCategory "10"]
[SourceTitle "CBM 161 Extra"]
[Source "ChessBase"]
[SourceDate "2014.08.29"]
[SourceVersion "1"]
[SourceVersionDate "2014.08.29"]
[SourceQuality "1"]

1. d4 Nf6 2. c4 e6 3. Nf3 d5 4. Nc3 Be7 5. Bf4 O-O 6. e3 b6 7. cxd5 Nxd5 8. Bg3
c5 9. Bc4 Bb7 10. O-O Nxc3 11. bxc3 Nc6 12. Qe2 cxd4 13. cxd4 Rc8 14. Ba6 Bxa6
15. Qxa6 Qd7 16. a3 Na5 17. h3 Rc3 18. a4 Rfc8 19. Rfd1 f6 20. e4 Bf8 21. e5
Nc6 22. exf6 gxf6 23. d5 Nb4 24. Qb5 Qxb5 25. axb5 Nxd5 26. Nd4 Ra3 27. Nxe6
Nc3 28. Nxf8 Rxa1 29. Rxa1 Rxf8 30. Rxa7 Nxb5 31. Rb7 Nd4 32. Bd6 Rc8 33. Rxb6
Rc6 34. Rxc6 Nxc6 35. g4 Kf7 36. Kg2 Kg6 37. Kg3 h5 38. f4 hxg4 39. hxg4 f5 40.
gxf5+ Kxf5 1/2-1/2

[Event "SWE-ch"]
[Site "Borlange"]
[Date "2014.07.17"]
[Round "6"]
[White "Semcesen, Daniel"]
[Black "Wiedenkeller, Michael"]
[Result "1/2-1/2"]
[WhiteElo "2471"]
[BlackElo "2479"]
[PlyCount "61"]
[EventDate "2014.07.12"]
[EventType "tourn"]
[EventRounds "9"]
[EventCountry "SWE"]
[EventCategory "10"]
[SourceTitle "CBM 161 Extra"]
[Source "ChessBase"]
[SourceDate "2014.08.29"]
[SourceVersion "1"]
[SourceVersionDate "2014.08.29"]
[SourceQuality "1"]

1. d4 Nf6 2. c4 e6 3. Nc3 Bb4 4. f3 d5 5. a3 Bxc3+ 6. bxc3 c5 7. cxd5 Nxd5 8.
dxc5 f5 9. Nh3 Qa5 10. e4 fxe4 11. Ng5 e3 12. Qc2 Nc6 13. Bb2 Bd7 14. Bc4 Nce7
15. Ne4 O-O 16. O-O Nf5 17. Rae1 h6 18. Bb3 b5 19. Bc1 Qc7 20. Kh1 Kh8 21. Ba2
Bc6 22. Bb1 Be8 23. Qb3 a6 24. Bd3 Rd8 25. Bb1 Bf7 26. Qc2 Bg6 27. Qb2 Be8 28.
Qc2 Bg6 29. Qb2 Be8 30. Qc2 Bg6 31. Qb2 1/2-1/2

[Event "SWE-ch"]
[Site "Borlange"]
[Date "2014.07.17"]
[Round "6"]
[White "Hector, Jonny"]
[Black "Berg, Emanuel"]
[Result "1/2-1/2"]
[WhiteElo "2483"]
[BlackElo "2557"]
[PlyCount "188"]
[EventDate "2014.07.12"]
[EventType "tourn"]
[EventRounds "9"]
[EventCountry "SWE"]
[EventCategory "10"]
[SourceTitle "CBM 161 Extra"]
[Source "ChessBase"]
[SourceDate "2014.08.29"]
[SourceVersion "1"]
[SourceVersionDate "2014.08.29"]
[SourceQuality "1"]

1. e4 e6 2. d4 d5 3. Nc3 Bb4 4. Bd3 dxe4 5. Bxe4 Nf6 6. Bf3 c5 7. Nge2 Nc6 8.
Be3 cxd4 9. Nxd4 Ne5 10. Ndb5 Nxf3+ 11. Qxf3 a6 12. Rd1 Qe7 13. a3 axb5 14.
axb4 Qxb4 15. Bd4 e5 16. Bxe5 Bg4 17. Qe3 O-O 18. f3 Rfe8 19. O-O Qxb2 20. Qd4
b4 21. Nb5 Qxd4+ 22. Bxd4 Bf5 23. Nd6 Bxc2 24. Nxe8 Rxe8 25. Rd2 b3 26. Bb2 h5
27. Kf2 Kh7 28. Re1 Ra8 29. Ra1 Re8 30. Ra5 Re6 31. h4 Rc6 32. Rb5 b6 33. Rd8
Rc5 34. Rxb6 Nd5 35. Rb7 Nf4 36. Bd4 Rf5 37. Rdb8 Ne6 38. Be3 Kg6 39. Rb5 Rxb5
40. Rxb5 f6 41. Ke2 Nc7 42. Rb7 Nd5 43. Bd4 Nf4+ 44. Kf2 Kf5 45. g3 Ne6 46.
Rb5+ Kg6 47. Bb2 Nc7 48. Rb7 Ne6 49. Ba3 Nd8 50. Rb6 Nf7 51. Bb2 Nh6 52. Bd4
Nf5 53. Bc5 Kf7 54. Ba3 Bd1 55. Rb5 Ke6 56. Bb2 Bc2 57. Rb7 Nd6 58. Rc7 Nf5 59.
g4 hxg4 60. fxg4 Nxh4 61. Rxg7 Ng6 62. Rb7 Ne5 63. Kg3 Nc4 64. Ba1 Bd1 65. Rb4
Nd6 66. Rb6 Kd5 67. Kf4 Nc4 68. Rb8 Ke6 69. Rb5 Kf7 70. Rb4 b2 71. Bxb2 Nxb2
72. Rxb2 Ba4 73. Rb7+ Kg6 74. Rc7 Bb5 75. Rb7 Bd3 76. Rb6 Kg7 77. Ke3 Bc2 78.
Rd6 Kg6 79. Rd2 Ba4 80. Kf4 Bb5 81. Rd6 Kg7 82. Kf5 Ba4 83. Rd2 Bc6 84. Rd4 Be8
85. Ke6 Kg6 86. Ke7 Bb5 87. Rd8 Be2 88. Rg8+ Kh7 89. Kf8 Bc4 90. Rg7+ Kh6 91.
Rc7 Be2 92. Rg7 Bc4 93. Re7 Kg5 94. Kg7 f5 1/2-1/2

[Event "SWE-ch"]
[Site "Borlange"]
[Date "2014.07.17"]
[Round "6"]
[White "Carlsson, Pontus"]
[Black "Blomqvist, Erik"]
[Result "1-0"]
[WhiteElo "2485"]
[BlackElo "2496"]
[PlyCount "57"]
[EventDate "2014.07.12"]
[EventType "tourn"]
[EventRounds "9"]
[EventCountry "SWE"]
[EventCategory "10"]
[SourceTitle "CBM 161 Extra"]
[Source "ChessBase"]
[SourceDate "2014.08.29"]
[SourceVersion "1"]
[SourceVersionDate "2014.08.29"]
[SourceQuality "1"]

1. e4 c5 2. Nf3 Nc6 3. Bb5 e6 4. Bxc6 bxc6 5. d3 Ne7 6. O-O Ng6 7. Ng5 e5 8.
Qh5 Qe7 9. Na3 f6 10. Nh3 Qf7 11. Nc4 d5 12. Na5 Bd6 13. c4 O-O 14. Bd2 Be6 15.
Rac1 Qd7 16. f3 Rac8 17. Rfd1 Be7 18. Nf2 f5 19. Be3 fxe4 20. dxe4 d4 21. Bd2
Qc7 22. Nd3 Rf7 23. Nb3 Qb6 24. Nxe5 Nf4 25. Bxf4 Rxf4 26. Nd3 Rh4 27. Qe5 Rh6
28. Nbxc5 Bf7 29. Qxe7 1-0